000 00437nam a2200169Ia 4500
005 20250203023924.0
008 240331s9999 xx 000 0 und d
020 _a8185229414
082 _bGUP
_a954
100 _aGupta, M
245 0 _aDefying death :
_bstruggles against imperialism and feudalism
260 _aNew Delhi
_bTulika Publishers
_c2001
300 _aviii, 283 p .,
650 _aSociety
650 _aHistory
942 _cL
999 _c3496
_d3496